Statistics for Daily U.S. State Riddle #37

Click here to take the quiz!

General Stats

  • This quiz has been taken 54 times
  • The average score is 36 of 38

Answer Stats

TypeAnswer% Correct
Found LetterA
100%
Alphabet LetterE
100%
Alphabet LetterS
100%
Found LetterT
100%
Alphabet LetterC
98%
Alphabet LetterF
98%
Alphabet LetterG
98%
Found LetterH
98%
Alphabet LetterI
98%
Found LetterK
98%
Alphabet LetterL
98%
Alphabet LetterM
98%
Found LetterN
98%
Found LetterO
98%
Found LetterR
98%
Alphabet LetterU
98%
Alphabet LetterW
98%
Alphabet LetterY
98%
Alphabet LetterB
96%
Found LetterD
96%
Alphabet LetterV
96%
Alphabet LetterX
96%
Alphabet LetterZ
96%
Alphabet LetterJ
94%
Alphabet LetterP
94%
Correctly Placed LetterA
92%
Correctly Placed LetterA
92%
Correctly Placed LetterD
92%
Correctly Placed LetterH
92%
Correctly Placed LetterK
92%
Correctly Placed LetterN
92%
Mystery U.S. StateNorth Dakota
92%
Correctly Placed LetterO
92%
Correctly Placed LetterO
92%
Alphabet LetterQ
92%
Correctly Placed LetterR
92%
Correctly Placed LetterT
92%
Correctly Placed LetterT
92%

Score Distribution

Percentile by Number Answered

Percent of People with Each Score

Your Score History

You have not taken this quiz